पर्यावरणीय पारिस्थितिकी, जैव विविधता, जलवायु परिवर्तन एवं आपदा प्रबंधन / (Record no. 200170)
[ view plain ]
| 000 -LEADER | |
|---|---|
| fixed length control field | 01309nam a22002057a 4500 |
| 005 - DATE AND TIME OF LATEST TRANSACTION | |
| control field | 20240604162657.0 |
| 010 ## - LCCN (DPL NO) | |
| LC control number | B-758079-085 HIN-127817 |
| 020 ## - INTERNATIONAL STANDARD BOOK NUMBER | |
| International Standard Book Number | 9789355320339 |
| Terms of availability | 530.00 |
| 035 ## - SYSTEM CONTROL NUMBER | |
| System control number | B-758079-085 |
| 035 ## - SYSTEM CONTROL NUMBER | |
| System control number | HN-100163 |
| 082 ## - DEWEY DECIMAL CLASSIFICATION NUMBER | |
| Classification number | 363.7402 |
| 100 ## - MAIN ENTRY--PERSONAL NAME | |
| Personal name | अग्रहरी, रवि पी. |
| 245 ## - TITLE STATEMENT | |
| Title | पर्यावरणीय पारिस्थितिकी, जैव विविधता, जलवायु परिवर्तन एवं आपदा प्रबंधन / |
| Remainder of title | |
| Statement of responsibility, etc | रवि पी. अग्रहरी |
| 260 ## - PUBLICATION, DISTRIBUTION, ETC. (IMPRINT) | |
| Place of publication, distribution, etc | तमिलनाडु , |
| Name of publisher, distributor, etc | McGraw Hill |
| Date of publication, distribution, etc | 2023 |
| 270 ## - ADDRESS | |
| Address | अंजना काम्प्लेक्स न.5/90ए , बट रोड , सत.थॉमस माउंट , |
| City | चेन्नई |
| Postal code | 600016 |
| 300 ## - PHYSICAL DESCRIPTION | |
| Extent | विविध पृ. |
| Other physical details | 24 सेमी (अजिल्द) |
| 500 ## - GENERAL NOTE | |
| General note | चतुर्थ संस्करण (वर्ग : I-V) |
| 942 ## - ADDED ENTRY ELEMENTS (KOHA) | |
| Source of classification or shelving scheme | Dewey Decimal Classification |
| Item type | Hindi Books |
| Classification part | 363.7402 |
| Call number suffix | अग्रह |
| Withdrawn status | Lost status | Not for loan | Collection code | Home library | Current library | Date acquired | Source of acquisition | Cost, normal purchase price | Full call number | Barcode | Copy number | Cost, replacement price | Koha item type |
|---|---|---|---|---|---|---|---|---|---|---|---|---|---|
| Non-fiction | Ashok Vihar | Ashok Vihar | 21/03/2024 | प्रगति पब्लिकेशन /26/17.1.24/168/9.1.24/25.1.24 | 530.00 | 363.7402 अग्रह | B-758081 | 1 | 530.00 | Hindi Books | |||
| Non-fiction | Central Library | Central Library | 21/03/2024 | प्रगति पब्लिकेशन /26/17.1.24/168/9.1.24/25.1.24 | 530.00 | 363.7402 अग्रह | B-758079 | 1 | 530.00 | Hindi Books | |||
| Non-fiction | Central Library | Central Library | 04/06/2024 | DBAD | 530.00 | 363.7402 अग्रह | HN-100163 | 1 | 530.00 | Hindi Books | |||
| Non-fiction | Diz Area | Diz Area | 21/03/2024 | प्रगति पब्लिकेशन /26/17.1.24/168/9.1.24/25.1.24 | 530.00 | 363.7402 अग्रह | B-758082 | 1 | 530.00 | Hindi Books | |||
| Non-fiction | Mobile Library | Mobile Library | 21/03/2024 | प्रगति पब्लिकेशन /26/17.1.24/168/9.1.24/25.1.24 | 530.00 | 363.7402 अग्रह | B-758080 | 1 | 530.00 | Hindi Books | |||
| Non-fiction | RC4 Seelam Pur | RC4 Seelam Pur | 21/03/2024 | प्रगति पब्लिकेशन /26/17.1.24/168/9.1.24/25.1.24 | 530.00 | 363.7402 अग्रह | B-758085 | 1 | 530.00 | Hindi Books | |||
| Non-fiction | Shahdara Branch | Shahdara Branch | 21/03/2024 | प्रगति पब्लिकेशन /26/17.1.24/168/9.1.24/25.1.24 | 530.00 | 363.7402 अग्रह | B-758083 | 1 | 530.00 | Hindi Books | |||
| Non-fiction | Yojana Vihar | Yojana Vihar | 21/03/2024 | प्रगति पब्लिकेशन /26/17.1.24/168/9.1.24/25.1.24 | 530.00 | 363.7402 अग्रह | B-758084 | 1 | 530.00 | Hindi Books |
